Football - Logos des clubs français à l'ancienne #1 - Statistiques

Statistiques générales
  • Ce quiz a été pris 141 fois
  • Le résultat moyen est 12 sur 20
Statistiques - réponses
Par images Hint Réponse % Correct
1992-1996 Paris Saint-Germain
99%
1919-1994 SCO Angers
99%
1919-1962 AS Monaco
98%
1967-2001 FC Metz
83%
1979-1993 FC Girondins de Bordeaux
82%
1926-1994 FC Lorient
82%
1950-1958 Nîmes Olympique
78%
1967-1970 AS Nancy Lorraine
71%
1970-1982 CS Sedan
67%
1984-1985 Tours FC
62%
1987-1989 Montpellier Hérault Sport Club
55%
1955-1968 RC Lens
44%
1989-2007 Stade Malherbe Caen
44%
1979-1984 Toulouse FC
44%
2000-2007 ES Troyes AC
42%
1960-1970 AS Cannes
40%
2000-2020 FC Gueugnon
26%
1997-2004 Clermont Foot 63
18%
1954-1990 Club Olympique Roubaix-Tourcoing
15%
1998-2006 Dijon Football Côte-d'Or
13%
Aucun quiz correspondant
Distribution des résultats
% des personnes avec chaque résultat
Percentile par nombre de réponses
Votre historique - résultats
Vous n’avez pas pris ce quiz